000 00712nam a22001577a 4500
003 OSt
005 20151104165056.0
008 151104b xxu||||| |||| 00| 0 eng d
040 _cRUA
082 _aFOR សេង​ 1994 B119 Or.1
100 _93380
_aសេង រ៉ូពិជ្ជះ
245 _aសិក្សាពីបំរែបំរួលនៃការគ្រប់គ្រង និងប្រើប្រាស់ដីព្រៃឈើតាំងពីឆ្នំា១៩៦០ ក្នុងស្រុកកំពង់ត្រឡាច ខេត្តកំពង់ឆ្នំាង;
260 _aPhnom Penh
_bRUA
_c1994
300 _a44p.
_bill.
_c29cm.
942 _2ddc
_cFOR
999 _c3153
_d3153